000 00400pab a2200169 454500
008 180718b2007 xxu||||| |||| 00| 0 eng d
100 _aKumar, S. Vijay
245 _aPMGSY paradigm as a management mantra
260 _c2007
300 _ap.83-87.
362 _aJul-Sep
650 _aRoads
650 _aRural development
773 _aManagement in Government
908 _aN
909 _a76515
999 _c76515
_d76515